Diseno, sociedad y marxismo / (Record no. 20676)

MARC details
000 -CABECERA
campo de control de longitud fija 00557nam a22001937a 4500
003 - IDENTIFICADOR DEL NÚMERO DE CONTROL
campo de control OSt
005 - FECHA Y HORA DE LA ÚLTIMA TRANSACCIÓN
campo de control 20260601171015.0
008 - DATOS DE LONGITUD FIJA--INFORMACIÓN GENERAL
campo de control de longitud fija 260507b1981\\\\mx\a||||\||||\00|\0\spa\d
020 ## - NÚMERO INTERNACIONAL ESTÁNDAR DEL LIBRO
Número Internacional Estándar del Libro 968405100x
040 ## - FUENTE DE LA CATALOGACIÓN
Centro catalogador/agencia de origen ICI
Lengua de catalogación spa
Centro/agencia transcriptor ICI
050 ## - SIGNATURA TOPOGRÁFICA DE LA BIBLIOTECA DEL CONGRESO
Número de clasificación NK1510
Número de documento/Ítem L65
100 #1 - ENTRADA PRINCIPAL--NOMBRE DE PERSONA
Nombre de persona López Rangel, Rafael,
Fechas asociadas al nombre 1929-
Término indicativo de función/relación autor
9 (RLIN) 33880
245 #0 - MENCIÓN DE TÍTULO
Título Diseno, sociedad y marxismo /
Mención de responsabilidad, etc. Rafael López Rangel
260 ## - PUBLICACIÓN, DISTRIBUCIÓN, ETC.
Lugar de publicación, distribución, etc. México :
Nombre del editor, distribuidor, etc. Editorial Concepto,
Fecha de publicación, distribución, etc. 1981
300 ## - DESCRIPCIÓN FÍSICA
Extensión 150 páginas
Dimensiones 21cm.
650 #4 - PUNTO DE ACCESO ADICIONAL DE MATERIA--TÉRMINO DE MATERIA
Término de materia o nombre geográfico como elemento de entrada Diseño
9 (RLIN) 2672
650 #4 - PUNTO DE ACCESO ADICIONAL DE MATERIA--TÉRMINO DE MATERIA
Término de materia o nombre geográfico como elemento de entrada Comunismo y sociedad
9 (RLIN) 33881
942 ## - ELEMENTOS DE PUNTO DE ACCESO ADICIONAL (KOHA)
Fuente del sistema de clasificación o colocación Library of Congress Classification
Tipo de ítem Koha Libros
Suprimir en OPAC 0

No items available.